| 000 | 01076nam a22002657a 4500 | ||
|---|---|---|---|
| 001 | 2066 | ||
| 003 | FISKH | ||
| 005 | 20231103094024.0 | ||
| 008 | 231103b cb ||||| |||| 00| 0 eng d | ||
| 020 | _a9781848790070 | ||
| 020 | _a1848790074 | ||
| 040 |
_aFISKH _beng _cFISKH _dFISKH |
||
| 050 | _aPZ7 | ||
| 082 | _2428 | ||
| 100 | _aCreese, Sarah | ||
| 245 | _aMad About Rockets, Stars, and Outer space! / | ||
| 260 |
_aBerkhamsted : _bMake believes ideas, _c2009. |
||
| 300 |
_a24 unnumbered pages : _bcolor illustrations ; _c21 cm |
||
| 505 | _aT | ||
| 520 | _aMad About Rockets, Stars, and Outer Space is part of a fantastic new series of books designed to satisfy inquisitive minds and fuel children's curiosity about the world. With fast facts and stunning photography, this book is sure to entertain and fascinate young readers. Inside the book, children will also find a fun sticker activity spread, with two sheets of bright stickers. | ||
| 521 | 8 |
_a800
_bLexile NC |
|
| 521 | 8 |
_aT
_bRaz-Plus |
|
| 650 |
_aSpace _vRockets |
||
| 942 |
_2ddc _cBK _n0 |
||
| 999 |
_c2066 _d2066 |
||